Creativity and General Systems Theory /

Αποθηκεύτηκε σε:
Λεπτομέρειες βιβλιογραφικής εγγραφής
Κύριος συγγραφέας: Covington, William G. (autor)
Μορφή: Βιβλίο
Γλώσσα:Αγγλικά
Έκδοση: Boca Ratón, EUA : Universal Publishers, 1998, c1998
Θέματα:
Ετικέτες: Προσθήκη ετικέτας
Δεν υπάρχουν, Καταχωρήστε ετικέτα πρώτοι!

MARC

LEADER 00000nam^a2200000^a^4500
001 000169676
005 20250521000000.0
009 20260310101242.577
020 |a 1-58112-872-X 
037 |a Acervo ITESO - Biblioteca 
041 |a ING 
082 |a 153. 35  |b COV 
100 |a Covington, William G.,  |e (autor) 
245 1 0 |a Creativity and General Systems Theory /  |c W.G. Covington, hijo. 
264 4 |a Boca Ratón, EUA :  |b Universal Publishers,  |c 1998, c1998 
300 |a 82 p. 
336 |a texto  |b txt  |2 rdacontenido 
337 |a sin mediación  |b n  |2 rdamedio 
338 |a volumen  |b nc  |2 rdasoporte 
649 |a XX 
650 |a Creatividad 
650 |a Psicología Cognitiva 
650 |a Teoría de Sistemas 
650 |a Psicología 
910 |a Fondo General 
920 |a Impresos - Libros 
930 |a Colección General 
905 |a 101 
901 |a 0500106674  |b IT1  |c ACC  |u 20250521 
902 |a https://opac.biblio.iteso.mx/vufind/Record/000169676